[Event "GBR-ch110 Major Open"]
[Site "Hull"]
[Date "2024.07.27"]
[Round "1.1"]
[White "Vashisht-Pigem, Raman"]
[Black "Angst, Robin"]
[Result "1-0"]
[WhiteElo "1863"]
[BlackElo "2249"]
[PlyCount "103"]
[EventDate "2024.07.27"]
[EventType "swiss"]
[EventRounds "9"]
[EventCountry "GBR"]
[SourceTitle "BritBase"]
[Source "John Saunders"]
[SourceDate "2025.02.20"]
[SourceVersion "1"]
[SourceVersionDate "2025.02.20"]
[SourceQuality "1"]

1. e4 e5 2. Nf3 d6 3. d4 exd4 4. Nxd4 Nf6 5. Nc3 Be7 6. Bf4 O-O 7. Qd2 Nc6 8. O-O-O Nxd4 9. Qxd4 a6 10. f3 b5 11. Qf2 b4 12. Ne2 Bd7 13. g4 Qb8 14. Ng3 a5 15. g5 Ne8 16. Nf5 Bd8 17. h4 a4 18. h5 Ra5 19. g6 Bxf5 20. exf5 Rxf5 21. Qe3 d5 22. Bd3 Qc8 23. gxh7+ Kh8 24. Bxf5 Qxf5 25. Qe5 Qxe5 26. Bxe5 Kxh7 27. Rxd5 Nf6 28. Rd4 c5 29. Bd6 cxd4 30. Bxf8 Nd5 31. Bc5 Bf6 32. Rd1 Ne3 33. Rd3 Nf5 34. Bxb4 Kh6 35. b3 axb3 36. cxb3 Kxh5 37. Bc5 Kg5 38. a4 Bd8 39. Bxd4 Kf4 40. Be5+ Kxe5 41. Rxd8 Nd4 42. f4+ Ke4 43. Kb2 Ne6 44. Rd7 f5 45. Re7 Kd5 46. Rxe6 Kxe6 47. a5 g5 48. fxg5 f4 49. Kc3 Kf5 50. Kd3 Kg4 51. Ke2 Kg3 52. Kf1 1-0

[Event "GBR-ch110 Major Open"]
[Site "Hull"]
[Date "2024.07.27"]
[Round "1.2"]
[White "Price, Gwilym T"]
[Black "Sheikh, Anum"]
[Result "1-0"]
[WhiteElo "2217"]
[BlackElo "1862"]
[PlyCount "71"]
[EventDate "2024.07.27"]
[EventType "swiss"]
[EventRounds "9"]
[EventCountry "GBR"]
[SourceTitle "BritBase"]
[Source "John Saunders"]
[SourceDate "2025.02.20"]
[SourceVersion "1"]
[SourceVersionDate "2025.02.20"]
[SourceQuality "1"]

1. e4 e5 2. Nc3 Nf6 3. Bc4 Nxe4 4. Qh5 Nd6 5. Bb3 Be7 6. Qxe5 O-O 7. Nf3 Nc6 8. Qf4 Bf6 9. d4 Re8+ 10. Be3 Ne7 11. O-O-O Ng6 12. Qg4 b5 13. Qh5 c6 14. Ng5 Bxg5 15. Bxg5 Qc7 16. Rhe1 Bb7 17. Qg4 a5 18. a4 b4 19. Nb1 Ba6 20. Bf4 Rac8 21. Bg3 Ne7 22. Qf4 Nef5 23. Rxe8+ Rxe8 24. Qxf5 Nxf5 25. Bxc7 Be2 26. Re1 Nxd4 27. Bc4 Rc8 28. Bxe2 Rxc7 29. Nd2 d5 30. Bd3 Kf8 31. Nb3 Nxb3+ 32. cxb3 c5 33. Bb5 g6 34. Kd2 Kg7 35. Kd3 Kf6 36. Re8 1-0

[Event "GBR-ch110 Major Open"]
[Site "Hull"]
[Date "2024.07.27"]
[Round "1.3"]
[White "Storey, Cameron"]
[Black "Fava, Lorenzo"]
[Result "0-1"]
[WhiteElo "1860"]
[BlackElo "2161"]
[PlyCount "78"]
[EventDate "2024.07.27"]
[EventType "swiss"]
[EventRounds "9"]
[EventCountry "GBR"]
[SourceTitle "BritBase"]
[Source "John Saunders"]
[SourceDate "2025.02.20"]
[SourceVersion "1"]
[SourceVersionDate "2025.02.20"]
[SourceQuality "1"]

1. e4 g6 2. d4 Bg7 3. f4 d6 4. Be2 Nf6 5. Nc3 O-O 6. Be3 c6 7. h3 Qa5 8. Qd2 e5 9. O-O-O exd4 10. Bxd4 Be6 11. Nb1 Qxa2 12. Bd3 c5 13. Bxf6 Bxf6 14. c3 Nc6 15. f5 Na5 16. Qh6 Nb3+ 17. Kc2 Na1+ 18. Kc1 Bd7 19. Nf3 Nb3+ 20. Kc2 Bg7 21. Qh4 Ba4 22. f6 Nd4+ 23. Kc1 Nb3+ 24. Kc2 Nd4+ 25. Kc1 Nxf3 26. gxf3 Bh8 27. Bc2 Bxc2 28. Kxc2 Qe6 29. Qf4 Rfd8 30. Rd5 Bxf6 31. Qg4 Be5 32. Rhd1 h5 33. Qg2 b5 34. Nd2 a5 35. Nb3 Rdb8 36. f4 Bxf4 37. Rxh5 a4 38. Nc1 b4 39. Nd3 Qb3+ 0-1

[Event "GBR-ch110 Major Open"]
[Site "Hull"]
[Date "2024.07.27"]
[Round "1.4"]
[White "Eames, Robert S"]
[Black "Rastogi, Nayan Keats"]
[Result "1-0"]
[WhiteElo "2148"]
[BlackElo "1859"]
[PlyCount "93"]
[EventDate "2024.07.27"]
[EventType "swiss"]
[EventRounds "9"]
[EventCountry "GBR"]
[SourceTitle "BritBase"]
[Source "John Saunders"]
[SourceDate "2025.02.20"]
[SourceVersion "1"]
[SourceVersionDate "2025.02.20"]
[SourceQuality "1"]

1. e4 c5 2. c3 Nf6 3. e5 Nd5 4. Nf3 d6 5. Bb5+ Bd7 6. Bc4 e6 7. d4 cxd4 8. exd6 Nc6 9. O-O Bxd6 10. cxd4 Qc7 11. Bxd5 exd5 12. Nc3 Ne7 13. Bg5 f6 14. Bh4 O-O 15. Qb3 Bc6 16. Rfe1 Qd7 17. Bg3 Kh8 18. Re2 Bxg3 19. hxg3 Rfe8 20. Rae1 Nf5 21. g4 Rxe2 22. Rxe2 Ne7 23. Nh2 g5 24. Qd1 Kg7 25. Qe1 Kf7 26. f4 h6 27. f5 Re8 28. Qg3 h5 29. Re6 h4 30. Qf2 Nc8 31. Rxe8 Qxe8 32. g3 hxg3 33. Qxg3 Qd7 34. Nf1 Kg7 35. Qb8 a6 36. Ng3 b5 37. Nh5+ Kf7 38. Kf2 Qb7 39. Qh2 b4 40. Ne2 Bb5 41. Nxf6 Ne7 42. Nh7 Bxe2 43. Qh5+ Kg8 44. Nf6+ Kf8 45. Qe8+ Kg7 46. Nh5+ Kh7 47. Qf7+ 1-0

[Event "GBR-ch110 Major Open"]
[Site "Hull"]
[Date "2024.07.27"]
[Round "1.5"]
[White "Lee, Alexandre Km"]
[Black "Jaunooby, Ali Reza"]
[Result "0-1"]
[WhiteElo "1858"]
[BlackElo "2145"]
[PlyCount "48"]
[EventDate "2024.07.27"]
[EventType "swiss"]
[EventRounds "9"]
[EventCountry "GBR"]
[SourceTitle "BritBase"]
[Source "John Saunders"]
[SourceDate "2025.02.20"]
[SourceVersion "1"]
[SourceVersionDate "2025.02.20"]
[SourceQuality "1"]

1. e4 d6 2. d4 Nf6 3. Nc3 g6 4. Nf3 Bg7 5. Bf4 O-O 6. Qd2 Re8 7. h3 c6 8. O-O-O b5 9. e5 b4 10. Nb1 Nd5 11. Bh6 Bh8 12. Bc4 a5 13. exd6 Qxd6 14. Ng5 Nd7 15. Ne4 Qc7 16. Rhe1 N7b6 17. Bxd5 cxd5 18. Ng3 Nc4 19. Qf4 e5 20. Qh4 Ba6 21. Nd2 Nxb2 22. Kxb2 Rec8 23. Rc1 exd4 24. Nf5 d3+ 0-1

[Event "GBR-ch110 Major Open"]
[Site "Hull"]
[Date "2024.07.27"]
[Round "1.6"]
[White "Nelson, Jonathan P"]
[Black "Ashworth, Robert M"]
[Result "1-0"]
[WhiteElo "2143"]
[BlackElo "1845"]
[PlyCount "59"]
[EventDate "2024.07.27"]
[EventType "swiss"]
[EventRounds "9"]
[EventCountry "GBR"]
[SourceTitle "BritBase"]
[Source "John Saunders"]
[SourceDate "2025.02.20"]
[SourceVersion "1"]
[SourceVersionDate "2025.02.20"]
[SourceQuality "1"]

1. d4 d5 2. Nf3 Nf6 3. e3 e6 4. Bd3 c5 5. c3 Nbd7 6. O-O Be7 7. Ne5 Nxe5 8. dxe5 Nd7 9. f4 b6 10. e4 c4 11. Bc2 Bb7 12. exd5 Bxd5 13. Nd2 Qc7 14. Qe2 O-O 15. Nf3 f6 16. exf6 Bxf6 17. Be3 Rae8 18. Rad1 Qb7 19. Bd4 Bxd4+ 20. Rxd4 Nf6 21. Ne5 b5 22. b3 cxb3 23. axb3 Rc8 24. c4 Qb6 25. Qf2 Bb7 26. Nd7 Nxd7 27. Rxd7 Qc6 28. Rfd1 Rxf4 29. Rd8+ Rf8 30. Qxf8# 1-0

[Event "GBR-ch110 Major Open"]
[Site "Hull"]
[Date "2024.07.27"]
[Round "1.7"]
[White "Vaidyanathan, Sathya"]
[Black "Yoon, Jacob D"]
[Result "0-1"]
[WhiteElo "1844"]
[BlackElo "2118"]
[PlyCount "76"]
[EventDate "2024.07.27"]
[EventType "swiss"]
[EventRounds "9"]
[EventCountry "GBR"]
[SourceTitle "BritBase"]
[Source "John Saunders"]
[SourceDate "2025.02.20"]
[SourceVersion "1"]
[SourceVersionDate "2025.02.20"]
[SourceQuality "1"]

1. e4 d6 2. d4 g6 3. Nc3 Bg7 4. Bf4 Nc6 5. Nf3 Bg4 6. d5 Nd4 7. Be2 Bxf3 8. Bxf3 e5 9. Be3 c5 10. dxc6 bxc6 11. Bxd4 exd4 12. Ne2 Rb8 13. Nxd4 Qa5+ 14. c3 Rxb2 15. Qd3 Ne7 16. O-O O-O 17. a4 Rd8 18. h3 c5 19. Ne2 Nc6 20. Rfc1 Bh6 21. Rc2 Ne5 22. Qd1 Nxf3+ 23. gxf3 Rb7 24. Qd5 Re7 25. Nd4 Re5 26. Nc6 Rxd5 27. Nxa5 Rd3 28. Kg2 Bg7 29. Nc6 Rd7 30. Ra3 Rc7 31. Na5 c4 32. Rc1 Kf8 33. Rc2 Ke7 34. Kg3 Kd7 35. Rc1 Kc8 36. Rb1 Bxc3 37. Nxc4 Rxc4 38. Kg4 h5+ 0-1

[Event "GBR-ch110 Major Open"]
[Site "Hull"]
[Date "2024.07.27"]
[Round "1.8"]
[White "Britton, Richard"]
[Black "Diniz Afonso, Davi"]
[Result "1/2-1/2"]
[WhiteElo "2112"]
[BlackElo "1840"]
[PlyCount "49"]
[EventDate "2024.07.27"]
[EventType "swiss"]
[EventRounds "9"]
[EventCountry "GBR"]
[SourceTitle "BritBase"]
[Source "John Saunders"]
[SourceDate "2025.02.20"]
[SourceVersion "1"]
[SourceVersionDate "2025.02.20"]
[SourceQuality "1"]

1. e4 e5 2. Nf3 Nc6 3. Bb5 f5 4. d3 fxe4 5. dxe4 Nf6 6. O-O Bc5 7. Nc3 d6 8. Na4 Bb6 9. Nxb6 axb6 10. Qd3 O-O 11. c3 Qe8 12. Bg5 Nh5 13. Bd2 Qg6 14. Kh1 Bg4 15. Ng1 Nf4 16. Bxf4 Rxf4 17. f3 Be6 18. Bc4 Ne7 19. a4 Qf7 20. Bxe6 Qxe6 21. b4 Kh8 22. Rfb1 Qd7 23. Qb5 Qxb5 24. axb5 Rff8 25. Ne2 1/2-1/2

[Event "GBR-ch110 Major Open"]
[Site "Hull"]
[Date "2024.07.27"]
[Round "1.9"]
[White "Stephenson, David W"]
[Black "Stoica, Savas Marin"]
[Result "0-1"]
[WhiteElo "1836"]
[BlackElo "2107"]
[PlyCount "66"]
[EventDate "2024.07.27"]
[EventType "swiss"]
[EventRounds "9"]
[EventCountry "GBR"]
[SourceTitle "BritBase"]
[Source "John Saunders"]
[SourceDate "2025.02.20"]
[SourceVersion "1"]
[SourceVersionDate "2025.02.20"]
[SourceQuality "1"]

1. e4 c5 2. a3 Nf6 3. e5 Nd5 4. Nf3 Nc6 5. b4 cxb4 6. axb4 Ncxb4 7. c3 Nc6 8. d4 d6 9. Bb5 Nc7 10. Ba4 e6 11. O-O b5 12. exd6 Bxd6 13. Bc2 h6 14. Nbd2 Nd5 15. Be4 O-O 16. Qb3 Rb8 17. g3 Be7 18. Ba3 a5 19. Bxe7 Ndxe7 20. Qc2 Bd7 21. Nb3 Be8 22. Rfd1 Qc7 23. Nc5 Qb6 24. Rdb1 b4 25. Na4 Qd8 26. Nc5 Nd5 27. Bxd5 Qxd5 28. Qe2 bxc3 29. Rxb8 Nxb8 30. Rxa5 c2 31. Ra1 Bc6 32. Kg2 Qxd4 33. Nb3 Qxa1 0-1

[Event "GBR-ch110 Major Open"]
[Site "Hull"]
[Date "2024.07.27"]
[Round "1.10"]
[White "Harborne, Matthew J"]
[Black "Rubeck, Jonathan"]
[Result "1-0"]
[WhiteElo "2103"]
[BlackElo "1833"]
[PlyCount "71"]
[EventDate "2024.07.27"]
[EventType "swiss"]
[EventRounds "9"]
[EventCountry "GBR"]
[SourceTitle "BritBase"]
[Source "John Saunders"]
[SourceDate "2025.02.20"]
[SourceVersion "1"]
[SourceVersionDate "2025.02.20"]
[SourceQuality "1"]

1. e4 e6 2. d4 d5 3. Nd2 Nf6 4. e5 Nfd7 5. Bd3 c5 6. c3 Nc6 7. Ne2 cxd4 8. cxd4 f6 9. exf6 Nxf6 10. Nf3 Bd6 11. O-O Qc7 12. Bg5 O-O 13. Bh4 Nh5 14. Bg3 Nxg3 15. hxg3 g6 16. Nc3 Qg7 17. Bb5 Bd7 18. Re1 Rae8 19. Rc1 a6 20. Bxc6 bxc6 21. Qe2 a5 22. Na4 Rb8 23. Nc5 Bxc5 24. Rxc5 Rb5 25. Rec1 Rfb8 26. Rxb5 cxb5 27. Rc7 b4 28. Ne5 Rc8 29. Qc2 Rxc7 30. Qxc7 Be8 31. Qxa5 Qh6 32. f4 g5 33. Qd8 Kf8 34. fxg5 Qh5 35. Nd7+ Kg7 36. Qf6+ 1-0

[Event "GBR-ch110 Major Open"]
[Site "Hull"]
[Date "2024.07.27"]
[Round "1.11"]
[White "Berkley, Stephen W"]
[Black "Liu, Jack"]
[Result "0-1"]
[WhiteElo "1830"]
[BlackElo "2098"]
[PlyCount "106"]
[EventDate "2024.07.27"]
[EventType "swiss"]
[EventRounds "9"]
[EventCountry "GBR"]
[SourceTitle "BritBase"]
[Source "John Saunders"]
[SourceDate "2025.02.20"]
[SourceVersion "1"]
[SourceVersionDate "2025.02.20"]
[SourceQuality "1"]

1. d4 Nf6 2. c4 g6 3. Nc3 d5 4. cxd5 Nxd5 5. Bd2 Bg7 6. e4 Nb6 7. Be3 O-O 8. Qd2 Nc6 9. O-O-O Na5 10. b3 Nc6 11. h3 a5 12. d5 Nb4 13. Bd4 Bd7 14. Bxg7 Kxg7 15. Nf3 c5 16. dxc6 Bxc6 17. Qxd8 Rfxd8 18. Be2 Rdc8 19. Kb1 Bd7 20. Rc1 f6 21. Nd4 Nc6 22. Nxc6 Bxc6 23. Bb5 Kf7 24. Bxc6 Rxc6 25. Nb5 Rac8 26. Rxc6 Rxc6 27. Rc1 Rxc1+ 28. Kxc1 Ke6 29. Kd2 Kd7 30. Kc3 Kc6 31. Nd4+ Kd6 32. Nb5+ Ke5 33. Kd3 Nd7 34. Ke3 Nc5 35. f4+ Ke6 36. Kd4 b6 37. Nc7+ Kd6 38. Nd5 e5+ 39. fxe5+ fxe5+ 40. Ke3 Nd7 41. Kd3 b5 42. Nc3 Kc5 43. Nd5 Nf8 44. a3 b4 45. axb4+ axb4 46. Ne3 Ne6 47. g3 Kb5 48. Nc4 Nc5+ 49. Ke3 Nxb3 50. Nxe5 Na5 51. Kd3 Nc6 52. Nc4 Kc5 53. Nb2 Ne5+ 0-1

[Event "GBR-ch110 Major Open"]
[Site "Hull"]
[Date "2024.07.27"]
[Round "1.12"]
[White "Chan, Sheng Liang Bernard"]
[Black "Howorth, Jack"]
[Result "1-0"]
[WhiteElo "2096"]
[BlackElo "1830"]
[PlyCount "65"]
[EventDate "2024.07.27"]
[EventType "swiss"]
[EventRounds "9"]
[EventCountry "GBR"]
[SourceTitle "BritBase"]
[Source "John Saunders"]
[SourceDate "2025.02.20"]
[SourceVersion "1"]
[SourceVersionDate "2025.02.20"]
[SourceQuality "1"]

1. d4 Nf6 2. c4 g6 3. Nc3 d5 4. Nf3 Bg7 5. Qb3 dxc4 6. Qxc4 O-O 7. e4 c6 8. Be2 Be6 9. Qd3 h6 10. O-O Qc7 11. h3 Na6 12. Be3 Rfd8 13. Qd2 Kh7 14. Bxa6 bxa6 15. Rfc1 Qa5 16. Ne2 Qb5 17. Ng3 Ne8 18. Qc2 Nd6 19. Qxc6 Rac8 20. Qxb5 Nxb5 21. Rxc8 Rxc8 22. d5 Bd7 23. e5 Nc7 24. Rd1 Rb8 25. b3 Rb5 26. d6 exd6 27. Rxd6 Be6 28. Bxa7 Bxe5 29. Nxe5 Rxe5 30. Be3 Ra5 31. Bb6 Nb5 32. Rd2 Ra3 33. Bc5 1-0

[Event "GBR-ch110 Major Open"]
[Site "Hull"]
[Date "2024.07.27"]
[Round "1.14"]
[White "Angst, Oliver"]
[Black "May, Paul"]
[Result "1-0"]
[WhiteElo "2068"]
[BlackElo "1827"]
[PlyCount "39"]
[EventDate "2024.07.27"]
[EventType "swiss"]
[EventRounds "9"]
[EventCountry "GBR"]
[SourceTitle "BritBase"]
[Source "John Saunders"]
[SourceDate "2025.02.20"]
[SourceVersion "1"]
[SourceVersionDate "2025.02.20"]
[SourceQuality "1"]

1. d4 g6 2. e4 Bg7 3. Nc3 a6 4. h4 b5 5. h5 h6 6. hxg6 fxg6 7. Qg4 g5 8. Qh5+ Kf8 9. Qf3+ Ke8 10. e5 e6 11. Bd3 Ne7 12. Bxg5 hxg5 13. Rxh8+ Bxh8 14. Qh5+ Kf8 15. Qxh8+ Ng8 16. Bh7 Kf7 17. Ne4 Nc6 18. Nf3 Bb7 19. Nfxg5+ Ke7 20. Qg7+ 1-0

[Event "GBR-ch110 Major Open"]
[Site "Hull"]
[Date "2024.07.27"]
[Round "1.16"]
[White "Cancedda-Dupuis, Livio"]
[Black "Mize, Dylan"]
[Result "1-0"]
[WhiteElo "2041"]
[BlackElo "1824"]
[PlyCount "127"]
[EventDate "2024.07.27"]
[EventType "swiss"]
[EventRounds "9"]
[EventCountry "GBR"]
[SourceTitle "BritBase"]
[Source "John Saunders"]
[SourceDate "2025.02.20"]
[SourceVersion "1"]
[SourceVersionDate "2025.02.20"]
[SourceQuality "1"]

1. e4 c6 2. d4 d5 3. Nc3 dxe4 4. Nxe4 Nf6 5. Nxf6+ exf6 6. c3 Bd6 7. Bd3 O-O 8. Ne2 Re8 9. O-O Nd7 10. Bf4 Qc7 11. Bxd6 Qxd6 12. Ng3 g6 13. Re1 Rxe1+ 14. Qxe1 Nf8 15. Qe8 Qd7 16. Ne4 Qxe8 17. Nxf6+ Kh8 18. Nxe8 Bd7 19. Nd6 Kg7 20. Bc4 Be6 21. Bb3 b6 22. Nc4 Nd7 23. Rd1 a5 24. Ne5 Bxb3 25. axb3 Nxe5 26. dxe5 a4 27. Ra1 b5 28. Kf1 h5 29. h4 Kf8 30. Ra3 Re8 31. bxa4 bxa4 32. Rxa4 Rxe5 33. Rc4 Rb5 34. b4 Rb6 35. Ke2 Ke7 36. Kd3 Kd6 37. Rd4+ Ke6 38. Kc4 Rb5 39. Re4+ Kd6 40. f4 Rb8 41. Rd4+ Kc7 42. Re4 Kd6 43. Re5 Ra8 44. Ra5 Re8 45. Kd3 Re1 46. f5 Rg1 47. fxg6 Rxg2 48. gxf7 Rf2 49. Rxh5 Rxf7 50. Kc4 Rf4+ 51. Kb3 Rf3 52. Rh8 Kc7 53. h5 Rh3 54. h6 Kb7 55. h7 Ka7 56. Ka4 Rh5 57. c4 Kb7 58. c5 Rh4 59. Ka5 Rh3 60. b5 cxb5 61. c6+ Kc7 62. Kxb5 Rh6 63. Ra8 Rd6 64. Ra7+ 1-0

[Event "GBR-ch110 Major Open"]
[Site "Hull"]
[Date "2024.07.27"]
[Round "1.17"]
[White "Waterfield, Mark B"]
[Black "Honey, Luke"]
[Result "0-1"]
[WhiteElo "1815"]
[BlackElo "2041"]
[PlyCount "110"]
[EventDate "2024.07.27"]
[EventType "swiss"]
[EventRounds "9"]
[EventCountry "GBR"]
[SourceTitle "BritBase"]
[Source "John Saunders"]
[SourceDate "2025.02.20"]
[SourceVersion "1"]
[SourceVersionDate "2025.02.20"]
[SourceQuality "1"]

1. e4 c6 2. d4 d5 3. exd5 cxd5 4. Bd3 Nc6 5. c3 g6 6. Nf3 Bg7 7. O-O Nh6 8. Re1 O-O 9. Na3 Re8 10. Bf4 Bf5 11. Bxf5 Nxf5 12. Re2 a6 13. Nc2 e6 14. Nce1 Nd6 15. Nd3 Ne4 16. Nd2 Nxd2 17. Qxd2 Na5 18. Rae1 Nc4 19. Qc1 b5 20. a4 Qb6 21. b3 Nd6 22. Bxd6 Qxd6 23. b4 a5 24. axb5 axb4 25. Nxb4 Reb8 26. Qe3 Rxb5 27. Rb2 Rab8 28. Reb1 Bf8 29. Qd2 Qd7 30. Nd3 Rxb2 31. Rxb2 Rxb2 32. Nxb2 Qb5 33. g3 Ba3 34. Nd3 Qb1+ 35. Kg2 Bd6 36. Ne1 Kg7 37. Nd3 h6 38. h4 h5 39. Ne1 Qe4+ 40. Kh2 Qxh4+ 41. Kg2 Qe4+ 42. f3 Qf5 43. Nd3 g5 44. Nc5 h4 45. gxh4 gxh4 46. Nd3 Qg6+ 47. Kh1 Qg3 48. f4 Kg6 49. Ne5+ Bxe5 50. fxe5 Kf5 51. Qc2+ Kg4 52. c4 Qh3+ 53. Kg1 Qe3+ 54. Kh1 dxc4 55. Qxc4 Kg3 0-1

[Event "GBR-ch110 Major Open"]
[Site "Hull"]
[Date "2024.07.27"]
[Round "1.18"]
[White "Shaw, Peter"]
[Black "Watson, Steven L"]
[Result "1-0"]
[WhiteElo "2041"]
[BlackElo "1809"]
[PlyCount "81"]
[EventDate "2024.07.27"]
[EventType "swiss"]
[EventRounds "9"]
[EventCountry "GBR"]
[SourceTitle "BritBase"]
[Source "John Saunders"]
[SourceDate "2025.02.20"]
[SourceVersion "1"]
[SourceVersionDate "2025.02.20"]
[SourceQuality "1"]

1. d4 f5 2. Bg5 Nf6 3. Bxf6 exf6 4. e3 d5 5. c4 Bb4+ 6. Nc3 O-O 7. Qb3 Bxc3+ 8. bxc3 c6 9. Bd3 dxc4 10. Bxc4+ Kh8 11. Ne2 Nd7 12. Nf4 Qb6 13. h4 Qxb3 14. Bxb3 Nb6 15. h5 Nd5 16. Nxd5 cxd5 17. Bxd5 Rd8 18. c4 Rb8 19. Rb1 b6 20. g3 Bd7 21. Kd2 Rbc8 22. Rbc1 Bc6 23. Bxc6 Rxc6 24. Rc3 Kg8 25. Rhc1 Kf7 26. c5 b5 27. Rb1 a6 28. a4 bxa4 29. Rb7+ Kf8 30. Kc2 Rd5 31. f4 Kg8 32. Ra3 g5 33. Rxa4 gxf4 34. gxf4 Re6 35. Kd3 Rc6 36. Kc4 Rd8 37. d5 Rcc8 38. Rxa6 Ra8 39. Rxa8 Rxa8 40. c6 Ra4+ 41. Kb5 1-0

[Event "GBR-ch110 Major Open"]
[Site "Hull"]
[Date "2024.07.27"]
[Round "1.19"]
[White "McBeath, Joel"]
[Black "Pert, Max P"]
[Result "0-1"]
[WhiteElo "1806"]
[BlackElo "2034"]
[PlyCount "62"]
[EventDate "2024.07.27"]
[EventType "swiss"]
[EventRounds "9"]
[EventCountry "GBR"]
[SourceTitle "BritBase"]
[Source "John Saunders"]
[SourceDate "2025.02.20"]
[SourceVersion "1"]
[SourceVersionDate "2025.02.20"]
[SourceQuality "1"]

1. e4 c6 2. d4 d5 3. e5 Bf5 4. h4 c5 5. g4 Bd7 6. c3 e6 7. Nf3 Nc6 8. dxc5 Bxc5 9. b4 Bb6 10. b5 Na5 11. Ba3 Rc8 12. Bb4 Nc4 13. a4 f6 14. Nbd2 Nxe5 15. Nxe5 fxe5 16. Nf3 e4 17. Nd4 Ne7 18. f3 O-O 19. fxe4 Qc7 20. Rh3 Qf4 21. Qf3 Bxd4 22. Qxf4 Rxf4 23. cxd4 Rxe4+ 24. Kf2 Ng6 25. Rd1 Rc2+ 26. Kf3 e5 27. Bd3 Bxg4+ 28. Kg3 Bxd1 29. Bxe4 dxe4 30. dxe5 Nxe5 31. Rh1 Bf3 0-1

[Event "GBR-ch110 Major Open"]
[Site "Hull"]
[Date "2024.07.27"]
[Round "1.20"]
[White "Zhao, George"]
[Black "Kumar, Arnav"]
[Result "1/2-1/2"]
[WhiteElo "2034"]
[BlackElo "1803"]
[PlyCount "57"]
[EventDate "2024.07.27"]
[EventType "swiss"]
[EventRounds "9"]
[EventCountry "GBR"]
[SourceTitle "BritBase"]
[Source "John Saunders"]
[SourceDate "2025.02.20"]
[SourceVersion "1"]
[SourceVersionDate "2025.02.20"]
[SourceQuality "1"]

1. d4 d5 2. Nf3 Nf6 3. g3 Bf5 4. Bg2 e6 5. O-O Be7 6. a3 h6 7. Nbd2 a5 8. b3 O-O 9. Bb2 Nbd7 10. c4 c6 11. e3 Rc8 12. Ne5 Nxe5 13. dxe5 Nd7 14. e4 dxe4 15. Nxe4 Bxe4 16. Bxe4 Nc5 17. Bc2 Qc7 18. Rc1 Rfd8 19. Qe2 Qb6 20. Qe3 Na4 21. Qxb6 Nxb6 22. Rcd1 a4 23. Bd4 axb3 24. Bxb3 Nd7 25. a4 Nc5 26. Bc2 Na6 27. Bb6 Rxd1 28. Rxd1 Bc5 29. Ba5 1/2-1/2

[Event "GBR-ch110 Major Open"]
[Site "Hull"]
[Date "2024.07.27"]
[Round "1.21"]
[White "Twisk, Sebastian"]
[Black "Ashworth, Michael J"]
[Result "1/2-1/2"]
[WhiteElo "1802"]
[BlackElo "2013"]
[PlyCount "154"]
[EventDate "2024.07.27"]
[EventType "swiss"]
[EventRounds "9"]
[EventCountry "GBR"]
[SourceTitle "BritBase"]
[Source "John Saunders"]
[SourceDate "2025.02.20"]
[SourceVersion "1"]
[SourceVersionDate "2025.02.20"]
[SourceQuality "1"]

1. e4 g6 2. d4 Bg7 3. Nc3 d6 4. Be3 a6 5. h4 h5 6. Bd3 Nd7 7. a4 b6 8. f3 Bb7 9. Qd2 Ngf6 10. Nge2 c5 11. Nd1 cxd4 12. Nxd4 Ne5 13. Nf2 d5 14. O-O dxe4 15. Nxe4 Nxe4 16. fxe4 Ng4 17. c3 O-O 18. Rae1 Qc7 19. Nf3 Nxe3 20. Qxe3 Rad8 21. Bc2 Qc5 22. Qxc5 bxc5 23. Bb3 Rd6 24. Ng5 e6 25. Rf2 Bh6 26. Bc4 Bxg5 27. hxg5 Rfd8 28. Ref1 R8d7 29. Rf4 Rd2 30. b3 Kg7 31. R4f2 Rxf2 32. Rxf2 a5 33. Re2 e5 34. Kf2 f6 35. gxf6+ Kxf6 36. Ke3 Bc6 37. Bb5 Rd6 38. Bxc6 Rxc6 39. Kd3 c4+ 40. bxc4 g5 41. Rf2+ Kg6 42. Rf8 h4 43. Rg8+ Kh5 44. Re8 Rc5 45. Rd8 g4 46. Rf8 Kg5 47. Rf5+ Kg6 48. Rf8 Rc7 49. Rh8 Kg5 50. Ke3 Rxc4 51. Rg8+ Kh5 52. Rh8+ Kg6 53. Rg8+ Kf7 54. Rxg4 Rxc3+ 55. Kd2 Ra3 56. Rxh4 Rxa4 57. Rh7+ Kg6 58. Ra7 Rxe4 59. Rxa5 Kf5 60. Ra3 Kg4 61. Re3 Rd4+ 62. Rd3 Ra4 63. Ke2 Ra2+ 64. Ke3 Rxg2 65. Ke4 Re2+ 66. Re3 Rxe3+ 67. Kxe3 Kf5 68. Kf3 e4+ 69. Ke3 Ke5 70. Ke2 Kd4 71. Kd2 e3+ 72. Ke2 Ke4 73. Ke1 Kd4 74. Ke2 Ke4 75. Ke1 Kd3 76. Kd1 e2+ 77. Ke1 Ke3 1/2-1/2

[Event "GBR-ch110 Major Open"]
[Site "Hull"]
[Date "2024.07.27"]
[Round "1.22"]
[White "Crawford, Owen"]
[Black "Rich, Aaron"]
[Result "1-0"]
[WhiteElo "2010"]
[BlackElo "1799"]
[PlyCount "81"]
[EventDate "2024.07.27"]
[EventType "swiss"]
[EventRounds "9"]
[EventCountry "GBR"]
[SourceTitle "BritBase"]
[Source "John Saunders"]
[SourceDate "2025.02.20"]
[SourceVersion "1"]
[SourceVersionDate "2025.02.20"]
[SourceQuality "1"]

1. e4 c5 2. Nf3 Nc6 3. d4 cxd4 4. Nxd4 g6 5. c4 Bg7 6. Be3 Nf6 7. Nc3 Ng4 8. Qxg4 Nxd4 9. Qd1 Ne6 10. Rc1 d6 11. Be2 Bd7 12. O-O Bc6 13. f3 O-O 14. Rf2 a5 15. b3 Nc5 16. Bf1 h6 17. Rd2 Qb8 18. Qe1 g5 19. h4 f5 20. exf5 Rxf5 21. hxg5 hxg5 22. Qg3 Ne6 23. Bd3 Re5 24. Ne4 Qf8 25. Bb1 Nf4 26. Re1 Bxe4 27. Bxe4 Ne6 28. Bd5 Qf5 29. Bb6 Rxe1+ 30. Qxe1 Be5 31. Qe4 Qf6 32. Qg4 Kf7 33. Re2 Rh8 34. g3 Rh6 35. Rh2 Rxh2 36. Kxh2 Qh6+ 37. Kg2 a4 38. bxa4 Qg6 39. Bf2 Qh6 40. Qf5+ Qf6 41. Bxe6+ 1-0

[Event "GBR-ch110 Major Open"]
[Site "Hull"]
[Date "2024.07.27"]
[Round "1.23"]
[White "Li, Xiaofan"]
[Black "Chris Biju, Calvin"]
[Result "1/2-1/2"]
[WhiteElo "1798"]
[BlackElo "2008"]
[PlyCount "90"]
[EventDate "2024.07.27"]
[EventType "swiss"]
[EventRounds "9"]
[EventCountry "GBR"]
[SourceTitle "BritBase"]
[Source "John Saunders"]
[SourceDate "2025.02.20"]
[SourceVersion "1"]
[SourceVersionDate "2025.02.20"]
[SourceQuality "1"]

1. e4 e6 2. f4 d5 3. e5 c5 4. Nf3 Nc6 5. c3 Nge7 6. Na3 Nf5 7. Nc2 Qb6 8. Bd3 Be7 9. Bxf5 exf5 10. d4 c4 11. O-O Be6 12. Kh1 h6 13. Ne3 g5 14. Qc2 gxf4 15. Nxf5 Bg5 16. Nd6+ Kd7 17. h4 Be7 18. Bxf4 f6 19. Nf5 fxe5 20. Nxe5+ Nxe5 21. Bxe5 Rhf8 22. Nxe7 Kxe7 23. Qh7+ Rf7 24. Rxf7+ Bxf7 25. Rf1 Qg6 26. Bd6+ Ke6 27. Qxg6+ Bxg6 28. Be5 Rg8 29. Rf6+ Ke7 30. Kh2 h5 31. g3 Bf7 32. Kg2 Rg6 33. Rf5 Rg4 34. Kf2 Rg8 35. Kf3 Bg6 36. Rg5 Ke6 37. Bf4 Be4+ 38. Ke3 Rxg5 39. Bxg5 Kf5 40. a4 Bc2 41. a5 Kg4 42. Bf4 a6 43. Bc7 Be4 44. Bb8 Bc2 45. Kd2 Bb1 1/2-1/2